000 00534nam a2200157 i 4500
001 37030
003 ES-MaACL
005 20230906155505.0
007 t|
008 030220s1902 fr ||||1| fre d
100 1 _aBrunetière, Ferdinand.
_932173
245 1 0 _aVictor Hugo
_b: leçons faites a l'Ecole normale supérieure par les élèves de deuxième anne (Lettres) /
_csous la direction de Ferdinand Brunetière.
260 _a[Coulommiers] :
_bPaul Brodard,
_c1902.
300 _a2 v. ;
_c19 cm.
852 _aES-MaACL
_jF-8411-8412
999 _c37030
_d37030